000 00870nam a2200313Ia 4500
003 OSt
005 20221006144118.0
006 a|||||r|||| 00| 0
007 ta
008 221006b |||||||| |||| 00| 0 eng d
020 _a0521266815
_c525.00
020 _a521313198
024 _a10,901
037 _cTextual
040 _aEASL
_cEASL
_beng
041 _2eng
_aeng
082 _aQ60gV41, M5
100 _aGERNET Jacques
245 0 _aChina and the Christian impace
_b A conflict of cultures
260 _aCambridge
_bCambridge University Press
_c1985
300 _a310p.
_ccm.
490 _v CEL
650 _a CEL
650 _a China - religion
_9591037
650 _aChristianity - China
_9650885
700 _a LLOYD Janet Tr.
942 _hQ60gV41, M5
_cTEXL
_2CC
999 _c1078987
_d1078987